MARC

LEADER 00000nam0a2200000 4500
001 55619
005 20231031052522.0
010 |a 5060007111 
035 |a (RuTPU)RU\TPU\book\58375 
090 |a 55619 
100 |a 20030918d1991 m y0rusy50 ca 
101 0 |a rus 
102 |a RU 
105 |a a j 001zy 
200 1 |a Технология производства ЭВМ  |e учебник  |f Н. Н. Ушаков 
205 |a 3-е изд., перераб. и доп. 
210 |a Москва  |c Высшая школа  |d 1991 
215 |a 416 с.  |c ил. 
320 |a Библиогр.: с. 411-412 
610 1 |a вычислительные машины 
610 1 |a ЭВМ 
610 1 |a производство 
610 1 |a теория 
610 1 |a проектирование 
610 1 |a технологические процессы 
610 1 |a автоматизация 
610 1 |a моделирование 
610 1 |a изготовление 
610 1 |a сборка 
610 1 |a микросхемы 
610 1 |a запоминающие устройства 
610 1 |a учебники 
675 |a 681.3.002(075.8)  |v 3 
700 1 |a Ушаков  |b Н. Н.  |g Николай Николаевич 
801 1 |a RU  |b 63413507  |c 20030918  |g PSBO 
801 2 |a RU  |b 63413507  |c 20170123  |g PSBO 
942 |c BK